000 00486nam a2200181Ia 4500
001 26774
008 140414s9999 xx 000 0 und d
020 _a0-7373-0584-3
040 _cPK-LaUMT
082 _a 291.44
_bSUN-W
100 _aSusan Suntree
245 _aWisdom of the East
_bstories of compassion, inspiration, and love
_cSusan Suntree
260 _aChicago,USA:
_bContemporary Books,
_c2002
300 _a332 p.
546 _aEN
650 _aSpiritual life
942 _cBK
999 _c26932
_d26932